000 01156cam a2200265 a 4500
001 99
003 BR-CuiBMT
005 20231109222609.0
008 230811s2020 mgb 000 0 por d
020 _a9788545007210
040 _aBR-CuiBMT
_cBR-CuiBMT
080 _22007
_a35.078.6
090 _a35.078.6
_bB624p
_c4. ed.
100 1 _aBittencourt, Sidney
245 1 0 _aParceria público-privada :
_bpasso a passo : comentários à lei nº 11.079/04, que institui normas gerais para licitação e contratação de PPP na administração pública, alterada pelas leis nº 12.024/09, 12.409/11, 12.766/12, 13.043/14, 13.097/15, 13.137/15 e 13.529/17 /
_cSidney Bittencourt ; prefácios José Antônio Destri Lobo, Flávio Amaral Garcia
250 _a4. ed., rev., ampl. e atual.
260 _aBelo Horizonte :
_bFórum,
_c2020.
300 _a242 p. :
_bil. ;
_c22 cm
504 _aInclui bibliografia.
650 _aParceria público-privada (PPP)
_vLegislação
_zBrasil
650 _aContratos públicos
_xAdministração pública
_zBrasil
650 _aLicitação
_xAdministração pública
_zBrasil
650 _aDireito administrativo
942 _2udc
_cLV
999 _c99
_d99